| 000 | 00774cam a22002771 4500 | ||
|---|---|---|---|
| 001 | 14666 | ||
| 003 | BD-RjUL | ||
| 005 | 20211208235653.0 | ||
| 008 | 140208s1951 xx 000 0 eng | ||
| 035 | _a(BD-RjUL)14720 | ||
| 035 | _a(OCoLC)1269926 | ||
| 040 |
_aDLC _cFO _dOCoLC _dDLC _dBD-RjUL _beng |
||
| 041 | _aeng | ||
| 082 | 0 | 0 |
_a749 _bGUG 1951 |
| 100 | 1 |
_aGump, Richard, _d1906-1989. _945709 |
|
| 245 | 1 | 0 |
_aGood taste costs no more / _cRichard Gump. |
| 250 | _a[1st ed.] | ||
| 260 |
_aGarden City, N.Y., _bDoubleday, _cc1951. |
||
| 300 |
_a185 p. : _bill. ; _c23 cm. |
||
| 650 | 0 |
_aAesthetics. _945710 |
|
| 650 | 0 |
_aIndustrial design. _99485 |
|
| 650 | 0 |
_aArt _xCollectors and collecting. _945711 |
|
| 942 |
_2ddc _cBK |
||
| 999 |
_c14666 _d14666 |
||